007520000a22002050004500090001400000245002600014650003300040650002800073650002500101650002900126650003500155651002600190041001300216700002500229100003000254942001300284773007700297999001700374952015500391 aARb0377010aNonindigenous species14aEspecies introducidas99638614aEspecies invasoras930814aBiodiversidad99220414aImpacto ambiental99221514aLegislación ambiental992309 4pEstados Unidos9927490 aInglés1 aMeffe, Gary K.937391 aWilliams, James D.997556 cARTICULO1 tStatus and Trends of the Nation's Biological Resourcesq117-129d1994g1 c12806d12806 001040718HEMEROTECAaBogotabBogotad2015-02-27hFuera de circulaciónl0oAR 03770p015187r2015-03-25 00:00:00w2015-03-25xDonaciónyARTICULO